Where is Love? - Statistics

General Stats
  • This quiz has been taken 21 times
  • The average score is 9 of 13
Answer Stats
Lyrics % Correct
Where is {love}?
100%
Where, oh where is {love}?
100%
Does it fall from {skies} above?
75%
That I've been {dreaming} of?
75%
Where, oh where is {she}?
75%
Is it underneath the {willow tree}
67%
That's met for {only} me?
67%
I can mean {something} to
58%
Must I {travel} far and wide?
58%
Who can say where she might {hide}?
58%
Til I am beside the {someone} who
50%
Who I {close my eyes} and see?
50%
Will I ever know the sweet {hello}
50%
No matching quizzes found
Score Distribution
Percent of People with Each Score
Percentile by Number Answered
Your Score History
You have not taken this quiz